[Event "Lviv Tradition May 2018"]
[Site "Lviv"]
[Date "2018.05.18"]
[Round "5"]
[White "Peng, Li Min"]
[Black "Bogdanov, Egor"]
[Result "1-0"]
[WhiteElo "2320"]
[BlackElo "2335"]
[Annotator "NA"]
[PlyCount "49"]
[EventDate "2018.??.??"]
[EventType "tourn"]
[EventCountry "UKR"]
[SourceTitle "playchess.com"]
[Source "ChessBase"]
[SourceQuality "1"]
[TimeControl "5400+30"]

1. d4 {[%emt 0:00:00]} Nf6 {[%emt 0:00:16]} 2. c4 {[%emt 0:00:00]} g6 {[%emt 0:00:11]} 3. f3 {[%emt 0:00:00]} d5 {[%emt 0:00:05]} 4. cxd5 {[%emt 0:00:00]} Nxd5 {[%emt 0:00:05]} 5. e4 {[%emt 0:00:02]} Nb6 {[%emt 0:00:04]} 6. Nc3 {[%emt 0:00:04]} Bg7 {[%emt 0:00:12]} 7. Be3 {[%emt 0:00:05]} O-O {[%emt 0:00:20]} 8. Qd2 {[%emt 0:00:03]} Nc6 {[%emt 0:01:06]} 9. O-O-O {[%emt 0:00:41]} f5 {[%emt 0:02:08]} 10. e5 {[%emt 0:00:10]} Nb4 {[%emt 0:00:13]} 11. h4 {[%emt 0:00:48]} Be6 {[%emt 0:00:36]} 12. h5 {[%emt 0:00:23]} Nxa2+ {[%emt 0:02:06]} 13. Nxa2 {[%emt 0:00:30]} Bxa2 {[%emt 0:00:03]} 14. hxg6 {[%emt 0:00:10]} hxg6 {[%emt 0:00:06]} 15. Bh6 {[%emt 0:00:03]} Qd5 {[%emt 0:02:37]} 16. Ne2 {[%emt 0:02:11]} Qf7 {[%emt 0:03:30]} 17. Qg5 {[%emt 0:21:47]} f4 18. Bxg7 {[%emt 0:10:47]} Qxg7 {[%emt 0:06:39]} 19. Nxf4 {[%emt 0:00:12]} Rf5 {[%emt 0:00:02]} 20. Qg4 {[%emt 0:00:03]} Bf7 21. Bd3 {[%emt 0:00:49]} e6 {[%emt 0:02:05]} 22. Bxf5 {[%emt 0:00:15]} exf5 {[%emt 0:00:00]} 23. Qg5 {[%emt 0:00:37]} Re8 {[%emt 0:00:14]} 24. Rh6 {[%emt 0:00:10]} Nd7 {[%emt 0:04:57]} 25. e6 {[%emt 0:00:22]} 1-0

[Event "Lviv Tradition May 2018"]
[Site "Lviv"]
[Date "2018.05.18"]
[Round "5"]
[White "Terletsky, Oleg"]
[Black "Goluch, Piotr"]
[Result "0-1"]
[WhiteElo "2288"]
[BlackElo "2351"]
[Annotator "NA"]
[PlyCount "100"]
[EventDate "2018.??.??"]
[EventType "tourn"]
[EventCountry "UKR"]
[SourceTitle "playchess.com"]
[Source "ChessBase"]
[SourceQuality "1"]
[TimeControl "5400+30"]

1. e4 {[%emt 0:00:00]} c6 {[%emt 0:00:07]} 2. d4 {[%emt 0:00:00]} d5 {[%emt 0:00:05]} 3. Nc3 {[%emt 0:00:00]} dxe4 {[%emt 0:00:03]} 4. Nxe4 {[%emt 0:00:03]} Bf5 {[%emt 0:00:11]} 5. Ng3 {[%emt 0:00:05]} Bg6 {[%emt 0:00:04]} 6. h4 {[%emt 0:00:43]} h6 {[%emt 0:00:05]} 7. Nf3 {[%emt 0:00:05]} e6 {[%emt 0:00:03]} 8. h5 {[%emt 0:01:45]} Bh7 {[%emt 0:00:05]} 9. Bd3 {[%emt 0:00:04]} Bxd3 {[%emt 0:00:04]} 10. Qxd3 {[%emt 0:00:03]} Nf6 {[%emt 0:00:04]} 11. Bd2 {[%emt 0:00:53]} Be7 {[%emt 0:00:06]} 12. O-O-O {[%emt 0:00:20]} O-O {[%emt 0:00:04]} 13. Qe2 {[%emt 0:03:42] B19: Caro-Kann (Hauptvariante)} (13. Kb1 c5 14. Be3 Nbd7 15. dxc5 Nxc5 16. Qxd8 Rfxd8 17. Ne5 Nd5 18. Bxc5 Bxc5 19. Ne4 Be7 20. c4 Nf6 21. Nxf6+ gxf6 {0-1 (47) Khachiyan,M (2522)-Nakamura,H (2781) chess.com INT 2018}) 13... b5 {[%emt 0:02:25]} 14. Ne5 $146 {[%emt 0:09:15]} ({Vorgänger:} 14. Ne4 Nxe4 15. Qxe4 Qd5 16. Qxd5 cxd5 17. Ne5 Rc8 18. f4 f6 19. Ng6 Bd6 20. g4 Nc6 {0-1 (86) Babaniya,B (2056)-Asatryan,S (1953) Yerevan 2016}) 14... Qd5 {[%emt 0:03:33]} 15. Kb1 {[%emt 0:00:07]} a5 {[%emt 0:02:54]} 16. f4 {[%emt 0:02:17]} Na6 {[%emt 0:02:41]} 17. Qf3 {[%emt 0:09:18]} Qxf3 {[%emt 0:04:32]} 18. gxf3 {[%emt 0:03:59]} c5 {[%emt 0:04:43]} 19. Nc6 {[%emt 0:03:50]} Bd6 {[%emt 0:01:04]} 20. dxc5 {[%emt 0:00:13]} Bxc5 {[%emt 0:08:35]} 21. Nxa5 {[%emt 0:00:52]} Nd5 {[%emt 0:02:02]} 22. c3 {[%emt 0:17:05]} Bd6 {[%emt 0:08:13]} 23. Ne2 {[%emt 0:05:51]} Nc5 {[%emt 0:04:52]} 24. Nb3 {[%emt 0:00:09]} Nd3 {[%emt 0:00:34]} 25. Rh4 {[%emt 0:01:07]} Be7 {[%emt 0:06:12]} 26. Rh2 {[%emt 0:03:11]} Bd6 {[%emt 0:00:22]} 27. a3 {[%emt 0:10:32]} N3xf4 {[%emt 0:02:03]} 28. Bxf4 {[%emt 0:00:13]} Bxf4 $11 {[%emt 0:00:03]} 29. Nxf4 {[%emt 0:00:09]} Nxf4 {[%emt 0:00:04]} 30. Nd4 {[%emt 0:00:13]} Rab8 {[%emt 0:00:52]} 31. Rh4 {[%emt 0:02:47]} Nd5 {[%emt 0:03:20]} 32. Nc6 {[%emt 0:00:06]} Rb6 {[%emt 0:07:36]} 33. Nb4 {[%emt 0:07:22]} Nf6 {[%emt 0:00:43]} 34. Ka2 {[%emt 0:01:30]} Rc8 {[%emt 0:00:06]} 35. Kb3 {[%emt 0:01:26]} Rc5 {[%emt 0:00:06]} 36. Rdh1 {[%emt 0:05:07]} Rf5 {[%emt 0:00:08]} 37. R1h3 {[%emt 0:00:51]} Nd7 {[%emt 0:04:54]} 38. Rd4 {[%emt 0:00:57]} Nc5+ {[%emt 0:00:49]} 39. Kc2 {[%emt 0:00:30]} e5 {[%emt 0:00:08]} 40. Rd8+ {[%emt 0:06:07]} Kh7 {[%emt 0:00:04]} 41. Nd5 {[%emt 0:00:58]} Rb7 {[%emt 0:01:24]} 42. Rc8 {[%emt 0:04:10]} Ne6 {[%emt 0:00:17]} 43. b4 {[%emt 0:00:54]} Ng5 {[%emt 0:02:35]} 44. Rg3 {[%emt 0:00:38]} e4 {[%emt 0:03:03]} 45. fxe4 {[%emt 0:01:21]} Nxe4 {[%emt 0:00:04]} 46. Rd3 {[%emt 0:00:14]} Rf2+ {[%emt 0:00:04]} 47. Kc1 {[%emt 0:00:56]} Ra7 {[%emt 0:02:29]} 48. Ne3 {[%emt 0:00:57]} Rxa3 {[%emt 0:00:35]} 49. Nc2 {[%emt 0:01:01]} Ra2 {[%emt 0:00:07]} 50. Rdd8 {[%emt 0:00:30]} Rfxc2+ {[%emt 0:00:25]} 0-1

[Event "Lviv Tradition May 2018"]
[Site "Lviv"]
[Date "2018.05.18"]
[Round "5"]
[White "Fiedorek, Michal"]
[Black "Shkuran, Danylo"]
[Result "0-1"]
[WhiteElo "2081"]
[BlackElo "2395"]
[Annotator "NA"]
[PlyCount "68"]
[EventDate "2018.??.??"]
[EventType "tourn"]
[EventCountry "UKR"]
[SourceTitle "playchess.com"]
[Source "ChessBase"]
[SourceQuality "1"]
[TimeControl "5400+30"]

1. e4 {[%emt 0:00:00]} c5 {[%emt 0:00:05]} 2. Nf3 {[%emt 0:00:00]} e6 {[%emt 0:00:06]} 3. d4 {[%emt 0:00:00]} cxd4 {[%emt 0:00:07]} 4. Nxd4 {[%emt 0:00:00]} Nf6 {[%emt 0:00:23]} 5. Nc3 {[%emt 0:00:00]} d6 {[%emt 0:00:05]} 6. Be2 {[%emt 0:00:21]} Be7 {[%emt 0:00:24]} 7. O-O {[%emt 0:00:37]} O-O {[%emt 0:00:29]} 8. Be3 {[%emt 0:02:07]} a6 {[%emt 0:01:15]} 9. a4 {[%emt 0:00:16]} Nc6 {[%emt 0:01:07]} 10. f4 {[%emt 0:00:46]} Nxd4 {[%emt 0:07:25] B85: Sizilianisch (Scheveninger System)} (10... Qc7 11. Kh1 Nxd4 12. Bxd4 e5 13. Be3 exf4 14. Bxf4 Be6 15. Qd3 Nd7 16. Qg3 Ne5 17. Be3 Rfe8 18. Bd4 Bf8 19. Qf2 Rac8 20. Rfd1 g6 21. h3 Bg7 22. Bb6 Qe7 23. Bd4 Rc6 24. a5 {0-1 (49) Movsesian,S (2667)-Navara,D (2732) Czech Republic 2018}) 11. Bxd4 {[%emt 0:00:34]} b6 {[%emt 0:00:50]} 12. Kh1 {[%emt 0:04:27]} Bb7 {[%emt 0:00:50]} 13. Bd3 {[%emt 0:00:43]} Nd7 $146 {[%emt 0:04:48]} ({Vorgänger:} 13... d5 14. e5 Ne4 15. Qe2 Bc5 16. Bxe4 Bxd4 17. Bxh7+ Kxh7 {1-0 (38) Oshiro Shinsato,R (2154)-Reategui,M Lima 2002}) 14. Qf3 {[%emt 0:12:52]} Bf6 {[%emt 0:08:51]} 15. Bxf6 {[%emt 0:01:33]} Nxf6 {[%emt 0:02:15]} 16. g4 {[%emt 0:01:04]} g6 {[%emt 0:03:26]} 17. Ne2 {[%emt 0:10:04]} d5 {[%emt 0:05:19]} 18. e5 {[%emt 0:04:34]} Ne4 {[%emt 0:00:12]} 19. Bxe4 {[%emt 0:01:18]} dxe4 {[%emt 0:00:06]} 20. Qe3 {[%emt 0:00:12]} Rc8 {[%emt 0:00:54]} 21. Nc3 {[%emt 0:01:48]} Qh4 {[%emt 0:03:33]} 22. Rg1 {[%emt 0:07:30]} Rfd8 {[%emt 0:01:22]} 23. Rg2 {[%emt 0:00:34]} Qe7 {[%emt 0:09:13]} 24. Kg1 {[%emt 0:04:24]} Qb4 {[%emt 0:03:56]} 25. Rb1 {[%emt 0:04:22]} Rc4 {[%emt 0:09:16]} 26. Rf2 {[%emt 0:02:00]} Bc6 {[%emt 0:06:21]} 27. f5 {[%emt 0:04:27]} exf5 {[%emt 0:05:29]} 28. gxf5 {[%emt 0:00:16]} Qc5 {[%emt 0:02:20]} 29. Qg5 {[%emt 0:02:17]} Re8 {[%emt 0:00:35]} 30. fxg6 {[%emt 0:01:55]} hxg6 {[%emt 0:05:54]} 31. Qf6 {[%emt 0:04:35]} e3 {[%emt 0:04:01]} 32. Qxf7+ {[%emt 0:03:25]} Kh8 {[%emt 0:00:06]} 33. Qf6+ $19 {[%emt 0:04:01]} Kh7 {[%emt 0:00:09]} 34. Qf7+ {[%emt 0:00:17]} Kh6 {[%emt 0:00:10]} 0-1

[Event "Lviv Tradition May 2018"]
[Site "Lviv"]
[Date "2018.05.19"]
[Round "6"]
[White "Badelka, Olga"]
[Black "Mirzoev, Emil"]
[Result "1/2-1/2"]
[WhiteElo "2397"]
[BlackElo "2418"]
[Annotator "TA"]
[PlyCount "60"]
[EventDate "2018.??.??"]
[EventType "tourn"]
[EventCountry "UKR"]
[SourceTitle "playchess.com"]
[Source "ChessBase"]
[SourceQuality "1"]

{[%evp 26,60,3,16,17,12,15,22,16,12,16,17,27,34,38,37,38,28,44,41,50,29,30,24,33,6,53,0,18,6,23,12,35,35,39,0,11]} 1. e4 e5 2. Nf3 Nc6 3. Bb5 a6 4. Ba4 Nf6 5. O-O Be7 6. Re1 b5 7. Bb3 d6 8. c3 O-O 9. d3 Na5 10. Bc2 c5 11. Nbd2 {[%cal Bb1d2,Bd2f1,Bf1g3][%mdl 32]} Qc7 12. Nf1 Re8 13. Ng3 Nc6 {C90: Closed Ruy Lopez with 7...d6: Early deviations} 14. h3 {LiveBook: 16 Games} Bd7 (14... h6 15. Nh4 Be6 16. Nhf5 Bf8 17. f4 Rad8 18. Rf1 Nh7 19. Qg4 g6 20. Qh4 gxf5 21. exf5 {0-1 (57) Movsesian,S (2677)-Schlosser,P (2516) Pardubice 2017}) 15. a4 Rab8 $146 ({Predecessor:} 15... d5 16. exd5 Nxd5 17. Bg5 f6 18. Bd2 Bf8 19. Nh2 Be6 20. Qf3 b4 21. Rac1 Qd7 22. h4 {0-1 (50) Malassagne,I (2139)-Saiah,A (1653) Pau 2015}) 16. axb5 axb5 17. Be3 Bf8 18. d4 Ra8 19. d5 {[#] Strongly threatening Rxa8.} Na5 20. b3 g6 21. Qd2 Bg7 22. Rab1 Rf8 23. Bh6 Rfe8 24. Bxg7 Kxg7 25. Nh4 Ng8 26. Bd1 (26. f4 $14) 26... f6 (26... Qd8 $5 27. Nf3 $8 Qf6 $14) 27. Nf3 Rf8 28. Bc2 Rf7 29. Ra1 Rff8 30. Rab1 Nb7 {Precision: White = 26%, Black = 36%.} 1/2-1/2

[Event "Lviv Tradition May 2018"]
[Site "Lviv"]
[Date "2018.05.19"]
[Round "6"]
[White "Shkuran, Danylo"]
[Black "Goluch, Piotr"]
[Result "1-0"]
[WhiteElo "2395"]
[BlackElo "2351"]
[Annotator "NA"]
[PlyCount "93"]
[EventDate "2018.??.??"]
[EventType "tourn"]
[EventCountry "UKR"]
[SourceTitle "playchess.com"]
[Source "ChessBase"]
[SourceQuality "1"]
[TimeControl "5400+30"]

1. e4 {[%emt 0:00:00]} c5 {[%emt 0:00:07]} 2. c3 {[%emt 0:00:10]} d5 {[%emt 0:00:05]} 3. exd5 {[%emt 0:00:05]} Qxd5 {[%emt 0:00:04]} 4. d4 {[%emt 0:00:06]} Nc6 {[%emt 0:00:03]} 5. Nf3 {[%emt 0:00:42]} Bf5 {[%emt 0:01:10]} 6. Be3 {[%emt 0:02:50]} e6 {[%emt 0:00:14]} 7. Be2 {[%emt 0:07:00]} Nf6 {[%emt 0:03:11]} 8. O-O {[%emt 0:00:33]} Ng4 {[%emt 0:30:07]} 9. Bf4 {[%emt 0:21:04]} Be7 {[%emt 0:04:52]} 10. dxc5 {[%emt 0:22:29]} Qxd1 {[%emt 0:01:24]} 11. Bxd1 {[%emt 0:01:38]} Bxc5 {[%emt 0:00:43]} 12. Nh4 {[%emt 0:00:21]} Bxb1 {[%emt 0:05:31]} 13. Rxb1 {[%emt 0:01:16]} Nge5 {[%emt 0:00:52]} 14. Nf3 {[%emt 0:04:58]} Nd3 {[%emt 0:00:15]} 15. Bg3 {[%emt 0:00:25]} O-O-O {[%emt 0:00:06]} 16. Bc2 {[%emt 0:05:12]} Bd6 {[%emt 0:04:57]} 17. Ng5 {[%emt 0:09:10]} Bxg3 {[%emt 0:10:31]} 18. fxg3 {[%emt 0:01:05]} Nde5 {[%emt 0:00:06]} 19. Nxf7 {[%emt 0:00:19]} Nxf7 {[%emt 0:00:08]} 20. Rxf7 {[%emt 0:00:03]} Rd7 {[%emt 0:00:05]} 21. Rbf1 {[%emt 0:01:13]} Ne5 {[%emt 0:00:10]} 22. R7f2 {[%emt 0:02:33]} Nc4 {[%emt 0:00:53]} 23. Re2 {[%emt 0:04:07]} Kc7 {[%emt 0:02:07]} 24. Ba4 {[%emt 0:01:55]} Rd6 {[%emt 0:04:14]} 25. Rf7+ {[%emt 0:01:40]} Kb6 {[%emt 0:00:02]} 26. Rxg7 {[%emt 0:01:27]} Rf8 {[%emt 0:00:03]} 27. Rd7 {[%emt 0:04:01]} Rxd7 {[%emt 0:00:44]} 28. Bxd7 {[%emt 0:00:06]} e5 {[%emt 0:00:04]} 29. Be6 {[%emt 0:01:56]} Nd6 {[%emt 0:01:11]} 30. Rxe5 {[%emt 0:00:43]} Re8 {[%emt 0:00:03]} 31. Re2 {[%emt 0:00:00]} Kc5 {[%emt 0:00:56]} 32. Bg4 {[%emt 0:01:53]} Rg8 {[%emt 0:00:05]} 33. Bf3 {[%emt 0:00:10]} Rg7 {[%emt 0:00:09]} 34. g4 {[%emt 0:01:17]} b5 {[%emt 0:00:08]} 35. h4 {[%emt 0:00:21]} a5 {[%emt 0:00:05]} 36. Re6 {[%emt 0:01:09]} b4 {[%emt 0:00:11]} 37. h5 {[%emt 0:01:10]} Nc4 {[%emt 0:01:05]} 38. b3 {[%emt 0:00:53]} bxc3 {[%emt 0:00:05]} 39. Rc6+ {[%emt 0:00:38]} Kd4 {[%emt 0:00:02]} 40. Rxc4+ {[%emt 0:00:08]} Kd3 {[%emt 0:00:03]} 41. Be4+ {[%emt 0:01:05]} Kd2 {[%emt 0:00:01]} 42. Bf5 {[%emt 0:00:18]} h6 {[%emt 0:00:24]} 43. Rc6 {[%emt 0:00:36]} Re7 {[%emt 0:00:32]} 44. Rxh6 {[%emt 0:00:20]} Re1+ {[%emt 0:00:26]} 45. Kh2 {[%emt 0:00:08]} Ra1 {[%emt 0:00:03]} 46. Rd6+ {[%emt 0:00:10]} Kc1 {[%emt 0:00:04]} 47. h6 {[%emt 0:00:15]} 1-0

[Event "Lviv Tradition May 2018"]
[Site "Lviv"]
[Date "2018.05.19"]
[Round "6"]
[White "Bogdanov, Egor"]
[Black "Galperin, Platon"]
[Result "1-0"]
[WhiteElo "2335"]
[BlackElo "2332"]
[Annotator "NA"]
[PlyCount "105"]
[EventDate "2018.??.??"]
[EventType "tourn"]
[EventCountry "UKR"]
[SourceTitle "playchess.com"]
[Source "ChessBase"]
[SourceQuality "1"]
[TimeControl "5400+30"]

1. e4 {[%emt 0:00:00]} e6 {[%emt 0:00:14]} 2. d4 {[%emt 0:00:00]} d5 {[%emt 0:00:02]} 3. Nc3 {[%emt 0:00:46]} Nc6 {[%emt 0:00:08]} 4. Nf3 {[%emt 0:01:50]} Nf6 {[%emt 0:00:07]} 5. exd5 {[%emt 0:05:01]} exd5 {[%emt 0:01:05]} 6. Bd3 {[%emt 0:00:39]} Be7 {[%emt 0:11:59]} 7. h3 {[%emt 0:03:46]} Be6 {[%emt 0:01:00]} 8. O-O {[%emt 0:00:12]} a6 {[%emt 0:03:41]} 9. Be3 {[%emt 0:01:46]} h6 {[%emt 0:06:00]} 10. Ne5 {[%emt 0:01:54]} O-O {[%emt 0:03:45]} 11. f4 {[%emt 0:02:03]} Nxe5 {[%emt 0:00:43]} 12. fxe5 {[%emt 0:07:44]} Nd7 {[%emt 0:00:14]} 13. Qf3 {[%emt 0:03:00]} Kh8 {[%emt 0:03:32]} 14. Ne2 {[%emt 0:08:50]} c5 {[%emt 0:03:39]} 15. c3 {[%emt 0:00:56]} f6 {[%emt 0:03:26]} 16. Nf4 {[%emt 0:01:35]} fxe5 {[%emt 0:00:01]} 17. Ng6+ {[%emt 0:00:46]} Kg8 {[%emt 0:00:06]} 18. Nxf8 {[%emt 0:00:21]} Bxf8 {[%emt 0:00:39]} 19. Bf5 {[%emt 0:02:18]} Qe8 {[%emt 0:01:11]} 20. Rae1 {[%emt 0:01:33]} e4 {[%emt 0:03:26]} 21. Qg4 {[%emt 0:00:20]} Bxf5 {[%emt 0:00:14]} 22. Qxf5 {[%emt 0:00:13]} Nf6 {[%emt 0:00:26]} 23. dxc5 {[%emt 0:02:25]} Qc6 {[%emt 0:00:04]} 24. b4 {[%emt 0:01:00]} b6 {[%emt 0:00:01]} 25. cxb6 {[%emt 0:00:27]} Qxc3 {[%emt 0:00:04]} 26. Qe6+ {[%emt 0:00:11]} Kh7 {[%emt 0:00:27]} 27. b7 {[%emt 0:01:33]} Rb8 {[%emt 0:00:35]} 28. Qxa6 {[%emt 0:01:23]} Qc7 {[%emt 0:00:06]} 29. Rc1 {[%emt 0:04:06]} Qxb7 {[%emt 0:00:10]} 30. Qxb7 {[%emt 0:00:03]} Rxb7 {[%emt 0:00:06]} 31. a3 {[%emt 0:00:16]} Bd6 {[%emt 0:00:43]} 32. Bd4 {[%emt 0:00:44]} Nh5 {[%emt 0:01:16]} 33. Rc6 {[%emt 0:00:25]} Bg3 {[%emt 0:00:51]} 34. Rf5 {[%emt 0:00:39]} Nf4 {[%emt 0:00:32]} 35. Be5 {[%emt 0:02:47]} Ne2+ {[%emt 0:00:28]} 36. Kf1 {[%emt 0:00:05]} Bxe5 {[%emt 0:01:36]} 37. Kxe2 {[%emt 0:00:44]} Re7 {[%emt 0:00:37]} 38. Ke3 {[%emt 0:10:29]} g6 {[%emt 0:02:44]} 39. Rxe5 {[%emt 0:00:51]} Rxe5 {[%emt 0:00:01]} 40. Rc7+ {[%emt 0:00:10]} Kg8 {[%emt 0:00:08]} 41. a4 {[%emt 0:00:42]} Kf8 {[%emt 0:00:55]} 42. b5 {[%emt 0:00:28]} Ke8 {[%emt 0:00:06]} 43. b6 {[%emt 0:02:01]} Kd8 {[%emt 0:00:04]} 44. a5 {[%emt 0:04:34]} d4+ {[%emt 0:00:08]} 45. Kxd4 {[%emt 0:00:05]} Rxa5 {[%emt 0:00:04]} 46. Kxe4 {[%emt 0:00:08]} Rg5 {[%emt 0:01:15]} 47. Rc6 {[%emt 0:01:22]} Kd7 {[%emt 0:00:09]} 48. b7 {[%emt 0:00:20]} Kxc6 {[%emt 0:00:09]} 49. b8=Q {[%emt 0:00:06]} Rxg2 {[%emt 0:00:23]} 50. Ke5 {[%emt 0:00:17]} Rg5+ {[%emt 0:00:27]} 51. Kf6 {[%emt 0:00:07]} Kd5 {[%emt 0:00:33]} 52. h4 {[%emt 0:00:49]} Rg4 {[%emt 0:00:35]} 53. Qe5+ {[%emt 0:00:05]} 1-0

[Event "Lviv Tradition May 2018"]
[Site "Lviv"]
[Date "2018.05.19"]
[Round "6"]
[White "Oglaza, Oskar"]
[Black "Terletsky, Oleg"]
[Result "1/2-1/2"]
[WhiteElo "2279"]
[BlackElo "2288"]
[Annotator "NA"]
[PlyCount "76"]
[EventDate "2018.??.??"]
[EventType "tourn"]
[EventCountry "UKR"]
[SourceTitle "playchess.com"]
[Source "ChessBase"]
[SourceQuality "1"]
[TimeControl "5400+30"]

1. d4 {[%emt 0:00:00]} Nf6 {[%emt 0:05:59]} 2. c4 {[%emt 0:00:00]} g6 {[%emt 0:00:03]} 3. Nc3 {[%emt 0:00:07]} Bg7 {[%emt 0:00:05]} 4. e4 {[%emt 0:00:07]} d6 {[%emt 0:00:03]} 5. Nf3 {[%emt 0:00:06]} O-O {[%emt 0:00:09]} 6. h3 {[%emt 0:00:38]} e5 {[%emt 0:00:07]} 7. d5 {[%emt 0:00:10]} a5 {[%emt 0:00:03]} 8. g4 {[%emt 0:00:19]} Na6 {[%emt 0:00:19]} 9. Be3 {[%emt 0:00:58]} Nd7 {[%emt 0:06:28]} 10. a3 {[%emt 0:02:53]} Nb6 {[%emt 0:00:06]} 11. Rg1 {[%emt 0:00:50]} Nc5 {[%emt 0:01:44]} 12. b4 {[%emt 0:03:48]} axb4 {[%emt 0:10:01]} 13. axb4 {[%emt 0:00:07]} Rxa1 {[%emt 0:00:01]} 14. Qxa1 {[%emt 0:00:09]} Nb3 {[%emt 0:00:02]} 15. Qd1 {[%emt 0:00:43]} Nd4 {[%emt 0:00:06]} 16. Nxd4 {[%emt 0:00:26]} exd4 {[%emt 0:00:02]} 17. Bxd4 {[%emt 0:00:06]} g5 {[%emt 0:00:03]} 18. Bxg7 {[%emt 0:02:39]} Kxg7 {[%emt 0:00:02]} 19. Qd4+ {[%emt 0:01:33]} f6 {[%emt 0:09:58]} 20. f4 {[%emt 0:08:52]} Nd7 {[%emt 0:03:34]} 21. f5 {[%emt 0:01:56]} Ne5 {[%emt 0:00:30]} 22. Be2 {[%emt 0:00:12]} Bd7 {[%emt 0:02:17]} 23. Qa7 {[%emt 0:00:46]} Qa8 {[%emt 0:00:38]} 24. Qxa8 {[%emt 0:00:28]} Rxa8 {[%emt 0:00:02]} 25. Kd2 {[%emt 0:00:22]} b6 {[%emt 0:01:10]} 26. Rb1 {[%emt 0:05:01]} Ra7 {[%emt 0:00:06]} 27. Rb2 {[%emt 0:00:50]} Be8 {[%emt 0:00:18]} 28. Ra2 {[%emt 0:02:10]} Rxa2+ {[%emt 0:00:16]} 29. Nxa2 {[%emt 0:00:04]} h5 {[%emt 0:04:49]} 30. Kc3 {[%emt 0:00:26]} hxg4 {[%emt 0:01:44]} 31. hxg4 {[%emt 0:00:05]} Kf8 {[%emt 0:00:19]} 32. Nc1 {[%emt 0:00:15]} Ba4 {[%emt 0:10:05]} 33. Nd3 {[%emt 0:08:13]} Nxd3 {[%emt 0:01:09]} 34. Kxd3 {[%emt 0:00:04]} Ke7 {[%emt 0:01:44]} 35. b5 {[%emt 0:01:18]} Kf7 {[%emt 0:00:50]} 36. Kd2 {[%emt 0:00:18]} Bb3 {[%emt 0:00:40]} 37. Kc3 {[%emt 0:00:04]} Ba4 {[%emt 0:00:16]} 38. Kb2 {[%emt 0:00:17]} Ke7 {[%emt 0:00:14]} 1/2-1/2

[Event "Lviv Tradition May 2018"]
[Site "Lviv"]
[Date "2018.05.19"]
[Round "6"]
[White "Fiedorek, Michal"]
[Black "Peng, Li Min"]
[Result "1/2-1/2"]
[WhiteElo "2081"]
[BlackElo "2320"]
[Annotator "NA"]
[PlyCount "76"]
[EventDate "2018.??.??"]
[EventType "tourn"]
[EventCountry "UKR"]
[SourceTitle "playchess.com"]
[Source "ChessBase"]
[SourceQuality "1"]
[TimeControl "5400+30"]

1. e4 {[%emt 0:00:00]} g6 {[%emt 0:01:43]} 2. d4 {[%emt 0:00:00]} Bg7 {[%emt 0:00:04]} 3. Nc3 {[%emt 0:00:00]} d6 {[%emt 0:00:03]} 4. Be3 {[%emt 0:00:59]} a6 {[%emt 0:00:14]} 5. Qd2 {[%emt 0:00:35]} b5 {[%emt 0:01:17]} 6. O-O-O {[%emt 0:00:51]} Bb7 {[%emt 0:00:14]} 7. f3 {[%emt 0:00:11]} Nd7 {[%emt 0:00:48]} 8. g4 {[%emt 0:01:47]} c5 {[%emt 0:03:50]} 9. h4 {[%emt 0:05:07]} h6 {[%emt 0:02:53]} 10. dxc5 {[%emt 0:06:18]} dxc5 {[%emt 0:03:15]} 11. Nh3 {[%emt 0:16:42]} Qc7 {[%emt 0:04:09]} 12. Nd5 {[%emt 0:24:11]} Qc6 {[%emt 0:04:26]} 13. g5 {[%emt 0:03:13]} e6 {[%emt 0:10:36]} 14. Nc3 {[%emt 0:05:50]} h5 {[%emt 0:03:39]} 15. Nf2 {[%emt 0:03:24]} Ne7 {[%emt 0:04:11]} 16. f4 {[%emt 0:01:12]} O-O-O {[%emt 0:05:09]} 17. Qd6 {[%emt 0:06:43]} Qxd6 {[%emt 0:01:05]} 18. Rxd6 {[%emt 0:00:05]} Kc7 {[%emt 0:00:25]} 19. Rd2 {[%emt 0:01:27]} Nc8 {[%emt 0:04:02]} 20. Be2 {[%emt 0:05:41]} Bxc3 {[%emt 0:02:33]} 21. bxc3 {[%emt 0:00:03]} Nd6 {[%emt 0:00:31]} 22. Rhd1 {[%emt 0:00:39]} Nxe4 {[%emt 0:03:24]} 23. Nxe4 {[%emt 0:00:39]} Bxe4 {[%emt 0:00:02]} 24. c4 {[%emt 0:01:43]} b4 {[%emt 0:01:27]} 25. Rd6 {[%emt 0:01:50]} Bc6 {[%emt 0:00:07]} 26. Bf2 {[%emt 0:01:13]} Bb7 {[%emt 0:06:24]} 27. Bg1 {[%emt 0:01:15]} a5 {[%emt 0:02:41]} 28. Bf2 {[%emt 0:00:36]} Rhe8 {[%emt 0:02:58]} 29. Bg1 {[%emt 0:00:55]} Be4 {[%emt 0:02:18]} 30. R1d2 {[%emt 0:02:07]} Bf5 {[%emt 0:07:55]} 31. Bf2 {[%emt 0:06:34]} Be4 {[%emt 0:05:24]} 32. Bg1 {[%emt 0:00:19]} a4 {[%emt 0:01:40]} 33. Bf2 {[%emt 0:00:45]} a3 {[%emt 0:02:43]} 34. Bg1 {[%emt 0:00:27]} Kc8 {[%emt 0:00:44]} 35. Bf1 {[%emt 0:01:51]} Kc7 {[%emt 0:01:21]} 36. Bf2 {[%emt 0:01:12]} Kc8 {[%emt 0:00:19]} 37. Bg1 {[%emt 0:00:23]} Bf3 {[%emt 0:01:13]} 38. R2d3 {[%emt 0:00:26]} Be4 1/2-1/2

[Event "Lviv Tradition May 2018"]
[Site "Lviv"]
[Date "2018.05.20"]
[Round "7"]
[White "Mirzoev, Emil"]
[Black "Bogdanov, Egor"]
[Result "1/2-1/2"]
[WhiteElo "2418"]
[BlackElo "2335"]
[Annotator "TA"]
[PlyCount "79"]
[EventDate "2018.??.??"]
[EventType "tourn"]
[EventCountry "UKR"]
[SourceTitle "playchess.com"]
[Source "ChessBase"]
[SourceQuality "1"]

{[%evp 9,79,0,2,-14,-14,-19,-17,-14,-13,-18,24,0,27,33,22,32,49,50,83,55,63,32,39,37,39,31,55,44,32,43,42,18,56,0,0,10,89,86,86,33,73,18,65,0,8,0,0,0,30,15,37,0,30,0,0,0,0,0,0,0,0,0,0,0,0,0,0,-37,0,-24,0,-78]} 1. c4 c5 2. Nc3 Nc6 3. d3 d6 (3... g6 4. g4 Bg7 5. Bg2 d6 6. h3 e6 7. Bxc6+ bxc6 8. f4 h5 9. g5 e5 10. fxe5 Bxe5 11. Qd2 {0-1 (38) Rapport,R (2693)-Eljanov,P (2753) Ashdod 2015}) 4. Nf3 Nf6 5. Bg5 e6 6. g3 {A35: Symmetrical English: 2 Nc3 Nc6 3 Nf3} Be7 7. Bg2 O-O $146 ({Predecessor:} 7... a6 8. O-O Rb8 9. Qd2 h6 10. Bxf6 Bxf6 11. Rfd1 {½-½ (45) Cabrera Martel,I-Rodriguez Torres,C (1805) Vecindario 2007}) 8. O-O h6 9. Bd2 e5 10. a3 Bd7 11. Rb1 a5 12. Ne1 Ne8 13. Nc2 Nc7 14. Ne3 Bg5 15. Ned5 Bxd2 16. Qxd2 Nxd5 17. Nxd5 Ra7 18. f4 Ne7 19. Nc3 Bc6 20. e4 b6 21. b4 axb4 22. axb4 {[%cal Ba3b4,Bb4b5][%mdl 32]} Qc7 (22... exf4 $11 {keeps the balance.} 23. gxf4 f5) 23. b5 $16 Bd7 24. Ra1 (24. f5 $16) 24... Rfa8 25. Qb2 (25. Rxa7 $16 Qxa7 26. f5) 25... Qb8 26. fxe5 ({White should play} 26. f5 $14) 26... dxe5 27. Nd5 Nxd5 28. exd5 Qd6 29. Rae1 Re8 30. Ra1 Rea8 31. Rfe1 (31. Rxa7 {keeps more tension.} Rxa7 32. Qe2 Ra8 33. g4 Rf8 34. Be4) 31... Rxa1 32. Rxa1 Rxa1+ 33. Qxa1 g6 {[%cal Bg7g6,Bg6g5,Bg5g4][%mdl 32]} 34. Qc1 Kg7 35. Qe3 f5 36. Kf2 g5 37. Qe1 Qf6 38. Bf3 g4 39. Bg2 $1 h5 40. Qd2 {Precision: White = 33%, Black = 45%.} (40. h4 $11) 1/2-1/2